| 000 | 00533nam a2200193 i 4500 | ||
|---|---|---|---|
| 001 | 134377 | ||
| 003 | ES-MaACL | ||
| 007 | t| | ||
| 008 | 070910s1982 mx ||||1| spa d | ||
| 100 | 1 |
_aWatty, B., Margarita. _9116213 |
|
| 245 | 1 | 0 |
_aQuímica analítica / _cMargarita B. Watty. |
| 250 | _a[1ª ed.]. | ||
| 260 |
_a[México] : _bAlhambra, _c[1982] |
||
| 300 |
_a672 p. ; _c23 cm. |
||
| 490 | 1 | _aAlhambra universidad | |
| 830 | 0 |
_aAlhambra universidad _9180698 |
|
| 852 |
_aES-MaACL _jL-4445 _bR.105151 |
||
| 999 |
_c134377 _d134377 |
||